| 000 | 00799nam a2200241 a 4500 | ||
|---|---|---|---|
| 001 | 49996 | ||
| 003 | BD-RjUL | ||
| 005 | 20211209075437.0 | ||
| 008 | 160823s1950 ilu 000 0 eng | ||
| 035 | _a(BD-RjUL)50116 | ||
| 040 |
_aBD-RjUL _cODaU _dBD-RjUL _beng |
||
| 041 | _aeng | ||
| 082 |
_a371.42 _223 _bPRV 1950 |
||
| 100 | 1 |
_aProsser, Charles A. _q(Charles Allen), _9149826 |
|
| 245 | 0 | 0 |
_aVocational education in a democracy / _c[by Charles A. Prosser & Thos. H. Quigley. |
| 260 |
_aChicago : _bAmerican Technical Society, _c1950. |
||
| 300 |
_aix, 575 p. : _bgroup port.; _c22 cm. |
||
| 500 | _aFirst ed. by C.A. Prosser and C.R. Allen. | ||
| 505 | _aIncludes Index. | ||
| 650 | 0 |
_aVocational education. _9149827 |
|
| 700 | 1 |
_aQuigley, Thos. H. _q(Thomas Henry), _9149828 |
|
| 942 |
_2ddc _cBK |
||
| 999 |
_c49996 _d49996 |
||